000 00372nam a22001577a 4500
003 MPLRDC
005 20220104144412.0
008 210129b ||||| |||| 00| 0 eng d
082 _a782.881 JL
100 _a季林 编著
245 _a中国作家剪影
_c
260 _a
_b文学出版社
_c1958
300 _b
650 _a中国传记
942 _cBK
_o782.881 JL
999 _c49252
_d49242